| 000 | 004390000a22001810004500 | ||
|---|---|---|---|
| 003 | MACL | ||
| 005 | 20160108162726.0 | ||
| 008 | 160108b xxu||||| |||| 00| 0 eng d | ||
| 040 |
_aMACL _cMACL |
||
| 041 | _aEnglish | ||
| 082 | _a910.515/MOR | ||
| 100 |
_aMoraes, Frank _930015 |
||
| 245 | _aThe Revolt In Tibet | ||
| 260 |
_bSterling Publishing _c1960 _aDelhi |
||
| 350 | _a4 | ||
| 650 |
_aGeography _930016 |
||
| 942 |
_cBK _k910/Mor _2ddc |
||
| 999 |
_c35746 _d35746 |
||